| 000 | 00576cam a2200229ua 4500 | ||
|---|---|---|---|
| 020 |
_a81 7096 020 7 _c65.00 |
||
| 041 |
_aeng _h |
||
| 082 |
_a630.687 _bJOH/FU |
||
| 100 | _aJohl, S S . | ||
| 245 |
_aFundamentals of farm business management / _cS S Johl. _hTextual Documents |
||
| 250 |
_a1 / _b. |
||
| 260 |
_aNew Delhi : _bKalyani Publishers , _c1992. |
||
| 300 | _a475 ; . | ||
| 365 | _a65.00 | ||
| 504 | _a | ||
| 700 | 1 | _aKapur, T R . | |
| 942 | _cBK | ||
| 999 |
_c9479 _d9479 |
||